Quel continent... ? - Statistiques

Statistiques générales
  • Ce quiz a été pris 221 fois
  • Le résultat moyen est 9 sur 16
Statistiques - réponses
Question Réponse % Correct
Sur quel continent est la capitale la plus peuplée ? Asie
100%
Quel continent est le plus peuplés ? Asie
91%
Sur quel continent se trouve le point culminant de la terre ? Asie
82%
Quel continent possède la plus grande zone forestière ? Amérique
73%
Sur quel contient se trouve la plus haute tour du monde ? Asie
73%
Et ou est la capitale la moins peuplée ? Océanie
73%
Et enfin sur quel continent les femmes ont-elles l'espérance de vie la plus longue ? Europe
64%
Et le plus grand lac d'eau douce ? Amérique
55%
Quel continent est le plus vaste ? Asie
55%
Quel continent possède le taux de fécondité le plus faible ? Europe
55%
Quel continent possède le plus de pays (reconnues par l'ONU) ? Afrique
45%
Ou est la capitale la plus élevée du monde (altitude) ? Amérique
45%
Quel continent possède le pays ayant le plus grand PIB par habitants ? Europe
27%
Ou se trouve le plus long fleuve du monde ? Amérique
18%
Et la moins élevée ? Asie
0%
Sur quel continent les hommes ont-ils l’espérance de vie la plus longue ? Océanie
0%
Aucun quiz correspondant
Distribution des résultats
% des personnes avec chaque résultat
Percentile par nombre de réponses
Votre historique - résultats
Vous n’avez pas pris ce quiz